00434nam a22001577a 450000500170000001000130001702000260003003500130005603700130006908200060008210000200008824500530010826000350016127000600019630000200025620140312151440.0 aB-505479 a9780670086412c399.00 aB-505479 adplbKKP aN aSathe, Makarand aThe Man Who Tried To Remembercby Makarand Sathe aNew DelhibPenguin Groupc2012 a11 Community Centre, Panchsheel ParkbNew Delhie110017 a237p.c19cm(Hb)